Medidas cautelares personales y reales en el proceso penal

Na minha lista:
Detalhes bibliográficos
Autor principal: Aguilar Aranela, Cristián (Author)
Formato: Livro
Idioma:espanhol
Publicado em: Santiago Metropolitana 2014
Edição:1a. ed
Assuntos:
Tags: Adicionar Tag
Sem tags, seja o primeiro a adicionar uma tag!

MARC

LEADER 00000cam a2200000 a 4500
001 UCE2180
003 CL-VaPUC
008 140612e20140000cl |||||||||||||||||spa|d
020 |a 9789562861724 
082 0 4 |a 347.83077  |b AGU  |2 21 
100 |a Aguilar Aranela, Cristián  |e author  |9 574648 
245 1 0 |a Medidas cautelares personales y reales en el proceso penal 
250 |a 1a. ed 
300 |a 138 p 
942 |c BK 
945 |d 20140612 14:08:00  |a dcastane 
260 |a Santiago  |b Metropolitana  |c 2014 
650 0 |a Medidas cautelares  |9 256590 
650 0 |a Código civil  |9 256135 
650 0 |a Derecho procesal penal  |9 255496 
650 7 |a DERECHO PENAL  |2 CL-VaPUC  |9 11 
583 |a last modification  |c 20140612 14:08:00  |k Rodrigo Vera 
999 |c 355842  |d 355840 
952 |0 0  |1 0  |3 erb  |4 0  |6 347_830770000000000_AGU_2014  |7 0  |8 A  |9 462734  |a BIBDER  |b BIBDER  |i 5083346  |l 2  |m 2  |o 347.83077 AGU 2014  |p 5083346  |r 2024-06-24  |s 2024-06-07  |w 2019-11-23  |y BK  |z Catalogado en:20140612  |k DER